000 00672nam a2200241Ia 4500
003 OSt
005 20220918191224.0
006 a|||||r|||| 00| 0
007 ta
008 220917b |||||||| |||| 00| 0 eng d
024 _a62,082
037 _cTextual
040 _aARTS
_cARTS
_beng
041 _2eng
_aeng
082 _aQ6:45, K8
100 _aAmalorpavadawss D S Ed.
_975332
245 0 _aPost Vatican literatical renewal in India
260 _aBanglore
_bNational Catechotical and Liturgical Centere
_c1968
300 _a256p.
_ccm.
650 _aRELIGION
942 _hQ6:45, K8
_cTEXL
_2CC
999 _c188804
_d188804